El cardenal Luis Belluga / (Record n. 3383)

Dettagli MARC
000 -LEADER
fixed length control field 00819nam a2200241 i 4500
003 - CONTROL NUMBER IDENTIFIER
control field IT-RoINE
005 - DATE AND TIME OF LATEST TRANSACTION
control field 20220614101113.0
008 - FIXED-LENGTH DATA ELEMENTS--GENERAL INFORMATION
fixed length control field 010724s2001 sp a |r ||| |bspa d
020 ## - INTERNATIONAL STANDARD BOOK NUMBER
International Standard Book Number 8484443213
040 ## - CATALOGING SOURCE
Original cataloging agency SpMaBN
Language of cataloging spa
Transcribing agency SpMaBN IT-RoINE
Description conventions rdc
Modifying agency IT-RoINE
100 1# - MAIN ENTRY--PERSONAL NAME
Personal name Vilar, Juan Bautista,
Dates associated with a name 1941-2018
9 (RLIN) 6818
245 13 - TITLE STATEMENT
Title El cardenal Luis Belluga /
Statement of responsibility, etc Juan B. Vilar.
260 ## - PUBLICATION, DISTRIBUTION, ETC. (IMPRINT)
Place of publication, distribution, etc Albolote (Granada) :
Name of publisher, distributor, etc Comares,
Date of publication, distribution, etc 2001.
300 ## - PHYSICAL DESCRIPTION
Extent XXIV, 372 p. :
Other physical details il. ;
Dimensions 21 cm.
336 ## - CONTENT TYPE
Source rdacontent
Content type term text
337 ## - MEDIA TYPE
Source rdamedia
Media type term unmediated
338 ## - CARRIER TYPE
Source rdacarrier
Carrier type term volume
490 10 - SERIES STATEMENT
Series statement Biografías granadinas ;
Volume number/sequential designation 15
504 ## - BIBLIOGRAPHY, ETC. NOTE
Bibliography, etc Bibliografía: p. [355]-366.
600 24 - SUBJECT ADDED ENTRY--PERSONAL NAME
Personal name Belluga y Moncada, Luis,
Titles and other words associated with a name Cardenal,
Dates associated with a name 1662-1743 ‎
General subdivision Biografía
9 (RLIN) 1047
830 #0 - SERIES ADDED ENTRY--UNIFORM TITLE
Uniform title Biografías granadinas (Comares) ;
9 (RLIN) 6819
Volume number/sequential designation 15
942 ## - ADDED ENTRY ELEMENTS (KOHA)
Item type Monografías
Dati di copia
Withdrawn status Lost status Damaged status Not for loan Home library Current library Date acquired Total Checkouts Full call number Barcode Date last seen Price effective from Koha item type
        Iglesia Nacional Española en Roma Iglesia Nacional Española en Roma 29/04/2014   BIO 1380 3842 29/04/2014 29/04/2014 Monografías